000 00614nam a2200181 4500
008 160430b xxu||||| |||| 00| 0 eng d
020 _a9715843514
082 _22003
_aDFil 362.173068
_bV56n
100 _97090
_aVenzon, Lydia M.
245 _aNursing management towards quality care/
_cLydia M. Venzon.
250 _aSecond Edition
260 _aQuezon City:
_bC & E Publishing,
_cc2003.
300 _a311 pages:
_billustrations;
_c22 cm.
500 _aIncludes bibliographical references, appendices and index.
650 0 _97092
_aNursing services
_xManagement
365 _b325.00
_cPhp
942 _2ddc
_cDFIL
999 _c2625
_d2625